00420nam a22001457a 4500003000400000005001700004008004100021020001500062040000800077082001800085100002000103245007600123260006300199300001200262OSt20190119121847.0190119b ||||| |||| 00| 0 eng d a0963258478 cDLC a241.68bT468I aThompson, Leroy aI'll Never Be Broke Another Day In My Life /cBy Dr. Leroy Thompson Sr. aLouisiana, USA :bEver Increasing Word Ministries,cc2001. a168 p.: